Turco-Valachia 1573, 1574, 1620, 1658 A. D. /

Elmentve itt :
Bibliográfiai részletek
Szerző: Rypka Jan
Dokumentumtípus: Cikk
Megjelent: 1933
Sorozat:Diplomatische Miszellen
Kulcsszavak:Keletkutatás, Diplomácia
Tárgyszavak:
Online Access:http://misc.bibl.u-szeged.hu/64427
LEADER 00704nab a2200217 i 4500
001 misc64427
005 20230703080022.0
008 230602s1933 hu o 0|| ger d
040 |a SZTE Miscellanea Repozitórium  |b hun 
041 |a ger 
100 1 |a Rypka Jan 
245 1 0 |a Turco-Valachia   |h [elektronikus dokumentum] :  |b 1573, 1574, 1620, 1658 A. D. /  |c  Rypka Jan 
260 |c 1933 
300 |a [7] p. 
490 0 |a Diplomatische Miszellen 
561 |a Németh Gyula hagyaték 
591 |a NOA 4956 
650 4 |a Bölcsészettudományok 
650 4 |a Történettudomány és régészet 
695 |a Keletkutatás, Diplomácia 
856 4 0 |u http://misc.bibl.u-szeged.hu/64427/1/4956_noa.pdf  |z Dokumentum-elérés